| 000 | 01047nam0a22002651 4500 | ||
|---|---|---|---|
| 001 | v19\rc\2004667 | ||
| 005 | 20260406095523.0 | ||
| 035 | _a(NLR Aleph) 005270847 | ||
| 090 |
_a5997851 _c5997851 |
||
| 100 | _a20080811d1915 |||y0rusy50 ca | ||
| 101 | 0 | _arus | |
| 102 | _aRU | ||
| 105 | _aa z |||a| | ||
| 200 | 1 |
_aДвадцать проказников и десять шалунов _eВеселые рассказы в стихах _e[Для детей] _eС 37 юморист. рис. _f[Соч.] К.Н. Льдова |
|
| 205 | _a[2-е изд.] | ||
| 210 |
_aПетроград _aМосква _cт-во М.О. Вольф _d1915 _eПетроград |
||
| 215 |
_a46, II с. _cил. _d15х20 |
||
| 700 | 1 |
_8rus _7ca _aЛьдов _bК. Н. _f1862-1937 _gКонстантин Николаевич _3RU\NLR\AUTH\7772530 _955458 |
|
| 801 | 2 |
_aRU _bNLR _c20090321 _2rusmarc |
|
| 801 | 0 |
_aRU _bNLR _c20080811 _gpsbo |
|
| 801 | 0 |
_aRU _bRuMoRGB _c20080811 _2psbo |
|
| 801 | 1 |
_aRU _bProSoft-M _c20080811 _2rusmarc |
|
| 852 |
_aNLR _j37.46.7.31 |
||
| 942 | _cBOOK | ||
| 980 | _aNB | ||